000
00353nam a2200157Ia 4500
003
OSt
005
20240101102151.0
008
170524s9999 xx 000 0 und d
020
_a
9780198062295
040
_c
IIMT UNIVERSITY
100
_a
SADIKEE M
245
0
_a
PRINCIPLE OF ELECTROMAGNETICS
260
_b
Oxford
260
_c
2010
942
_2
ddc
_c
02
999
_c
5801
_d
5801